Review of climatology, 1951-1955.

Bibliographic Details
Main Author: Landsberg, Helmut Erich, 1906-1985
Other Authors: Blackadar, Alfred K., 1920-
Format: Book
Language:English
Published: Boston : American Meteorological Society, 1957.
Series:Meteorological research reviews.
Meteorological monographs (American Meteorological Society) ; v. 3, no. 12.
Subjects:

MARC

Tag First Indicator Second Indicator Subfields
LEADER 00000cam a2200000 4500
001 in00000313541
005 20151010145229.0
008 790605r1957 maua b 00000 eng d
035 |a (OCoLC)05037375 
035 |9 ABH7312AM 
040 |a TXA  |c TXA  |d UtOrBLW 
049 |a TXAM  |c [614521] 
090 |a QC861  |b .M48 
100 1 |a Landsberg, Helmut Erich,  |d 1906-1985. 
245 1 0 |a Review of climatology, 1951-1955. 
264 1 |a Boston :  |b American Meteorological Society,  |c 1957. 
300 |a 43 pages :  |b tables, graphs. 
336 |a text  |b txt  |2 rdacontent 
337 |a unmediated  |b n  |2 rdamedia 
338 |a volume  |b nc  |2 rdacarrier 
490 1 |a American Meteorological Society. Meteorological monographs,  |v v. 3, no. 12 
490 1 |a Meteorological research reviews: summaries of progress from 1951 to 1955 
500 |a Sponsored by the Geophysics Research Directorate, Air Force Cambridge Research Center, Air Research and Development Command. 
504 |a Includes bibliography. 
650 0 |a Climatology. 
700 1 |a Blackadar, Alfred K.,  |d 1920-  |t Meteorological research reviews. 
830 0 |a Meteorological research reviews. 
830 0 |a Meteorological monographs (American Meteorological Society) ;  |v v. 3, no. 12. 
999 |a MARS 
999 f f |s 12b0f288-4e7d-379e-b3fa-d0b2bcf6eef8  |i 5df4db14-7234-3706-9357-cbb571556e7e  |t 0 
952 f f |p normal  |a Texas A&M University  |b College Station  |c Sterling C. Evans Library  |s Evans stk  |d Evans: Library Stacks  |t 0  |e QC861 .M48  |h Library of Congress classification  |i unmediated -- volume  |m A14804657898 
952 f f |a Texas A&M University  |b College Station  |c Sterling C. Evans Library  |s Evans stk  |d Evans: Library Stacks  |t 0  |e QC861 .M48  |h Library of Congress classification 
998 f f |a QC861 .M48  |t 0  |l Evans: Library Stacks